The sandman's eyes

Bibliographic Details
Main Author: Windsor, Patricia
Format: Book
Published: Great Britain : Swift Children Books , 1987
Subjects:

MARC

LEADER 00000cam a2200000 7i4500
001 0000003825
002 000004124
005 20000330.0
020 |a 0862208947 
090 0 0 |a JF   |b WIN 
100 1 |a Windsor, Patricia 
245 1 4 |a The sandman's eyes   |c Patricia Windsor 
260 |a Great Britain :   |b Swift Children Books ,   |c 1987 
300 |a 217p. ;   |c 20cm. 
650 0 0 |a Children's stories 
999 |a 032379   |b BUKU   |c PINJAMAN   |e PERPUSTAKAAN KOMUNITI PETALING JAYA